| 000 | 01242nam a2200349 i 4500 | ||
|---|---|---|---|
| 001 | 196158 | ||
| 003 | RBPG | ||
| 005 | 20250507063024.0 | ||
| 007 | ta | ||
| 008 | 240816s2021 sp ||||e |||| 00| 0dglg d | ||
| 017 |
_aC 699-2021 _bOficina Depósito Legal Coruña |
||
| 020 | _a9788412357622 | ||
| 035 | _a1984957 | ||
| 040 |
_bglg _aBPC _cES-MaACL |
||
| 080 |
_22015 _a32 Fraga Iribarne, Manuel |
||
| 080 |
_22015 _a32 (460. 11) "1975 /. . . " |
||
| 080 | _a821.134.4-94"20" | ||
| 100 | 1 |
_aConde, Alfredo, _d1945- _9173663 _eaut |
|
| 245 | 1 | 0 |
_aEn canto a Fraga _c/ Alfredo Conde. |
| 260 |
_aSantiago de Compostela : _bEnsenada de Ézaro, _c2021. |
||
| 300 |
_a211 p. : _c24 cm. |
||
| 336 |
_atexto _2rdacontent |
||
| 337 |
_asin mediación _2rdamedia |
||
| 338 |
_avolumen _2rdacarrier |
||
| 600 | 1 | 7 |
_aFraga Iribarne, Manuel, _d1922-2012 _9193721 _2embne |
| 651 | 0 |
_aGalicia- _xPolítica y gobierno- _y1975- _9238397 |
|
| 852 |
_aES-MaACL _bR.153231 _cDEPOJ _jN-9226 _hDonación: Editorial _xEncuadernación rústica con solapas _9205187 |
||
| 942 |
_n0 _cMONOGRAFIA |
||
| 999 |
_c196158 _d196158 |
||